[Event "Roncana op-C 8th"]
[Site "Santa Eulalia de Roncana"]
[Date "2014.11.08"]
[Round "4"]
[White "Alcantara Ruiz, Natalia"]
[Black "Las Heras, Laia"]
[Result "0-1"]
[WhiteElo "1725"]
[BlackElo "1761"]
[PlyCount "62"]
[EventDate "2014.10.11"]
[EventType "swiss"]
[EventRounds "8"]
[EventCountry "ESP"]
[SourceTitle "EXT 2016"]
[Source "ChessBase"]
[SourceDate "2015.10.08"]
[SourceVersion "1"]
[SourceVersionDate "2015.10.08"]
[SourceQuality "1"]

1. e4 Nf6 2. Nc3 e5 3. Nf3 Bc5 4. Nxe5 Qe7 5. d4 Bb4 6. a3 Bxc3+ 7. bxc3 Nxe4 8. Qd3 Nd6 9. Be2 0-0 10. 0-0 Ne8 11. Re1 d6 12. Nf3 Nc6 13. Bd1 Qf6 14. d5 Bf5 15. Bg5 Qg6 16. Nh4 Qxg5 17. Nxf5 Ne5 18. Qe4 Nf6 19. Ne7+ Kh8 20. Qf5 Qd2 21. Re2 Qxc3 22. Ra2 Rae8 23. f4 Qd4+ 24. Kf1 Ng6 25. Nxg6+ fxg6 26. Qh3 Qxd5 27. Ra1 Qc4 28. Kf2 Qd4+ 29. Kf3 Qxa1 30. Rd2 Qc3+ 31. Rd3 Qe1 0-1

[Event "Roncana op-C 8th"]
[Site "Santa Eulalia de Roncana"]
[Date "2014.10.18"]
[Round "2"]
[White "Duran Valdivia, Pol"]
[Black "Las Heras, Laia"]
[Result "1-0"]
[WhiteElo "1700"]
[BlackElo "1761"]
[PlyCount "45"]
[EventDate "2014.10.11"]
[EventType "swiss"]
[EventRounds "8"]
[EventCountry "ESP"]
[SourceTitle "EXT 2016"]
[Source "ChessBase"]
[SourceDate "2015.10.08"]
[SourceVersion "1"]
[SourceVersionDate "2015.10.08"]
[SourceQuality "1"]

1. e4 e5 2. Nf3 Nc6 3. Bc4 Nf6 4. Nc3 d6 5. d4 exd4 6. Nxd4 Ne5 7. 0-0 Nxc4 8. Bg5 Nxb2 9. Qf3 Nc4 10. Nd5 Be7 11. Qf4 Nxe4 12. Qxe4 Ne5 13. Bxe7 Qd7 14. Rfe1 c6 15. Nf4 Qg4 16. Bxd6 f6 17. Bxe5 fxe5 18. Qxe5+ Be6 19. Ndxe6 Ke7 20. Nc7+ Qe6 21. Qxe6+ Kd8 22. Nxa8 Rf8 23. Rad1# 1-0

[Event "Roncana op-C 8th"]
[Site "Santa Eulalia de Roncana"]
[Date "2014.10.11"]
[Round "1"]
[White "Las Heras, Laia"]
[Black "Casares Bonals, Asier"]
[Result "0-1"]
[WhiteElo "1761"]
[BlackElo "1700"]
[PlyCount "22"]
[EventDate "2014.10.11"]
[EventType "swiss"]
[EventRounds "8"]
[EventCountry "ESP"]
[SourceTitle "EXT 2016"]
[Source "ChessBase"]
[SourceDate "2015.10.08"]
[SourceVersion "1"]
[SourceVersionDate "2015.10.08"]
[SourceQuality "1"]

1. e4 e5 2. Nf3 Nc6 3. d4 Qe7 4. Nc3 d5 5. exd5 exd4+ 6. Qe2 dxc3 7. dxc6 Be6 8. cxb7 Rb8 9. Qe5 Rxb7 10. Qxc3 Bc4+ 11. Be2 Qxe2# 0-1